Sobre lo científico, lo ético y lo fáctico. Ensayando una crítica a la teoría económica neoclásica /
Los supuestos de la teoría económica neoclásica plantean un mundo perfecto basado en el libre mercado. Esta teoría plantea ser la única forma correcta y científica de pensamiento económico. En este sentido, el autor propone la importancia de retomar su cuestionamiento. La crítica a fondo de la teorí...
Tallennettuna:
| Päätekijä: | |
|---|---|
| Aineistotyyppi: | Teksti |
| Aiheet: | |
| Tagit: |
Lisää tagi
Ei tageja, Lisää ensimmäinen tagi!
|
MARC
| LEADER | 00000 a a2200000 04500 | ||
|---|---|---|---|
| 001 | 13286 | ||
| 003 | |||
| 040 | |||
| 100 | |a Escobar, Beatríz | ||
| 245 | |a Sobre lo científico, lo ético y lo fáctico. Ensayando una crítica a la teoría económica neoclásica / |c Beatríz Escobar | ||
| 520 | |a Los supuestos de la teoría económica neoclásica plantean un mundo perfecto basado en el libre mercado. Esta teoría plantea ser la única forma correcta y científica de pensamiento económico. En este sentido, el autor propone la importancia de retomar su cuestionamiento. La crítica a fondo de la teoría económica neoclásica, convertida ahora en "pensamiento único" es necesaria por cuanto quiere condenar a muerte "la utopía" de un mundo más justo | ||
| 650 | |a TEORIA ECONOMICA | ||
| 650 | |a LIBERALISMO | ||
| 650 | |a NEOLIBERALISMO | ||
| 773 | |g número 114; páginas 555-577 | ||
| 999 | |c 24814 |d 24814 | ||
